000 009150000a22002290004500
020 _a84-8164-115-4
041 0 _aSPA
082 0 4 _aG 190 J31t
100 1 _aJameson, Fredric
245 1 0 _aTeoría de la postmodernidad / Fredric Jameson ; Celia Montolío, Ramón del Castillo, Traductores
250 _a2
260 _aSagasta, Madrid, España : Trotta
300 _a340 Pag.
440 0 _aColección Estructuras y Procesos. Serie Filosofía
505 0 0 _ala lógica cultural del capitalismo tardío -- teorías de lo postmoderno -- el surrealismo sin el inconsciente -- equivalentes espaciales en el sistema mundial -- la desconstrucción como nominalismo -- la postmodernidad y el mercado
650 1 4 _aPOSTMODERNISMO - (LITERATURA) \ POSTMODERNISMO
001 1405
942 _cBK
999 _c32728
_d32728
336 _atexto
_btxt
_2rdacontent
337 _2rdamedia
_asin mediación
_bn
338 _2rdacarrier
_avolumen
_bnc